=LDR 00000nam 2200000 4500 =001 NUTBA000000000005814 =005 20221018085352 =035 ##$$a 0010-111400000000293 =008 221018################g##########0#ind## =020 ##$$a 979-404-218-8 =040 ##$$a NBPDMAT =082 ##$$a 581 =090 ##$$a 581 $b Bot b =245 ##$$a Botani umum /$c Tim penulis, Prof Dr Ir H. Siti Sutarni Tjitosomo, M. Si ...[et.al] =260 ##$$a Bandung :$b Angkasa,$c 1983 =300 ##$$a vii,255 hlm. : $b ilus. ; 21 cm. =650 #4$$a Botani =084 ##$$a 581 BOT b =990 ##$$a 21416277 =990 ##$$a 21416278 =990 ##$$a 21416279 =990 ##$$a 21416280 =990 ##$$a 21416281 =990 ##$$a 0001/BPAP-NTB/20142015 =990 ##$$a 0001/BPAP-NTB/2015 =990 ##$$a 24652465 =990 ##$$a 70.187/ pro.94 =990 ##$$a 21416277 =990 ##$$a 21416278 =990 ##$$a 21416279 =990 ##$$a 21416280 =990 ##$$a 21416281